000098765 001__ 98765
000098765 005__ 20210211114118.0
000098765 037__ $$aTAZ-TFG-2020-2715
000098765 041__ $$aspa
000098765 1001_ $$aNueno Aznar, Jorge
000098765 24200 $$aThe Regulation of the Game: The Tax on the Game
000098765 24500 $$aLa Regulación del Juego: El Impuesto sobre el Juego
000098765 260__ $$aZaragoza$$bUniversidad de Zaragoza$$c2020
000098765 506__ $$aby-nc-sa$$bCreative Commons$$c3.0$$uhttp://creativecommons.org/licenses/by-nc-sa/3.0/
000098765 520__ $$aEn este Trabajo Fin de Grado se expone la regulación actual del Juego en España, incidiendo en su ámbito fiscal y las diferentes competencias repartidas entre el Estado y las CCAA, en especial en Aragón. Se analiza en profundidad el Impuesto sobre Actividades de Juego regulado en la Ley del Juego del año 2011 del ámbito estatal, así como las diferentes normas de ámbito autonómico que regulan las actividades de juego. <br /><br />
000098765 521__ $$aGraduado en Derecho
000098765 540__ $$aDerechos regulados por licencia Creative Commons
000098765 700__ $$aBueno Maluenda, María Cristina$$edir.
000098765 7102_ $$aUniversidad de Zaragoza$$bDerecho de la Empresa$$cDerecho Financiero y Tributario
000098765 8560_ $$f738838@unizar.es
000098765 8564_ $$s378785$$uhttps://zaguan.unizar.es/record/98765/files/TAZ-TFG-2020-2715.pdf$$yMemoria (spa)
000098765 909CO $$ooai:zaguan.unizar.es:98765$$pdriver$$ptrabajos-fin-grado
000098765 950__ $$a
000098765 951__ $$adeposita:2021-02-11
000098765 980__ $$aTAZ$$bTFG$$cDER
000098765 999__ $$a20200629202246.CREATION_DATE